Solar radio astronomy (Record no. 4049)

MARC details
000 -LEADER
fixed length control field 00584nam a2200193Ia 4500
003 - CONTROL NUMBER IDENTIFIER
control field IN-BaIIA
008 - FIXED-LENGTH DATA ELEMENTS--GENERAL INFORMATION
fixed length control field 211028s9999 xx 000 0 eng d
040 ## - CATALOGING SOURCE
Transcribing agency IIA Library
080 ## - UNIVERSAL DECIMAL CLASSIFICATION NUMBER
Universal Decimal Classification number 52-77
Item number KUN-1
100 ## - MAIN ENTRY--PERSONAL NAME
Personal name Kundu, Mukul R
9 (RLIN) 5956
245 #0 - TITLE STATEMENT
Title Solar radio astronomy
Remainder of title vol. 1
Statement of responsibility, etc. Mukul R. Kundu
260 ## - PUBLICATION, DISTRIBUTION, ETC.
Place of publication, distribution, etc. Michigan
Name of publisher, distributor, etc. University of Michigan Press
Date of publication, distribution, etc. 1964
300 ## - PHYSICAL DESCRIPTION
Extent 370p.
500 ## - GENERAL NOTE
General note Donated by Ch. V. Sastry
650 ## - SUBJECT ADDED ENTRY--TOPICAL TERM
Topical term or geographic name entry element Astronomy and Astrophysics Thesaurus
650 ## - SUBJECT ADDED ENTRY--TOPICAL TERM
Topical term or geographic name entry element Radio Astronomy
9 (RLIN) 2849
650 ## - SUBJECT ADDED ENTRY--TOPICAL TERM
Topical term or geographic name entry element Solar Physics
942 ## - ADDED ENTRY ELEMENTS (KOHA)
Koha item type Books
Holdings
Withdrawn status Lost status Damaged status Not for loan Home library Current library Shelving location Date acquired Total Checkouts Full call number Barcode Date last seen Price effective from Koha item type Purchase Price
        IIA Library-Bangalore IIA Library-Kodaikanal General Stacks 01/11/1972   52-77/ KUN-1 4521 05/11/2021 01/11/1972 Books Free

Powered by Koha